| 000 | 01036nam a2200301 i 4500 | ||
|---|---|---|---|
| 001 | 8033 | ||
| 003 | KOSZ 005 | ||
| 005 | 20230126145730.0 | ||
| 008 | 081107s1968 pl a f f 000 0 pol | ||
| 015 | _aPB 1969/803 | ||
| 040 |
_aWA N _cWA N _dKOSZ 005/RW |
||
| 080 | _a331.054 | ||
| 100 | 1 |
_aOkóń, Jan _eAutor |
|
| 245 | 1 | 0 |
_aPsychologia człowieka pracującego / _cJan Okóń. |
| 260 |
_aWarszawa : _b"Książka i Wiedza", _c1968. |
||
| 300 |
_a141, [7] stron : _bilustracje ; _c17 cm. |
||
| 336 |
_aTekst _btxt _2rdacontent |
||
| 337 |
_aBez urządzenia pośredniczącego _bn _2rdamedia |
||
| 338 |
_aWolumin _bnc _2rdacarrier |
||
| 380 | _aKsiążki. | ||
| 504 | _aBibliografia na stronach 137-[139]. | ||
| 650 | 4 | _aPsychologia pracy | |
| 658 | _aPsychologia | ||
| 658 | _aMedycyna i zdrowie | ||
| 710 | 2 |
_aSpółdzielnia Wydawniczo-Handlowa "Książka i Wiedza" _4pbl. |
|
| 856 |
_uhttp://koha.tu.koszalin.pl/cgi-bin/koha/opac-detail.pl?biblionumber=8033 _yKatalog online BPK |
||
| 942 |
_2UKD _cKS |
||
| 999 |
_c8033 _d8033 |
||